Pokémon TCG Pocket - Gardiens Astraux - Statistiques

Statistiques générales
  • Ce quiz a été pris 26 fois
  • Le résultat moyen est 162 sur 239
Statistiques - réponses
Numéro Nom de la carte Rareté Type de quiz Booster d'obtention % Correct
012 Archéduc EX ◆◆◆◆ Plante Lunala
94%
180 Archéduc EX ★★ Plante Lunala
94%
198 Archéduc EX ★★ Plante Lunala
94%
033 Félinferno EX ◆◆◆◆ Feu Solgaleo
94%
182 Félinferno EX ★★ Feu Solgaleo
94%
200 Félinferno EX ★★ Feu Solgaleo
94%
050 Froussardine Eau Lunala
94%
051 Froussardine EX ◆◆◆◆ Eau Lunala
94%
184 Froussardine EX ★★ Eau Lunala
94%
202 Froussardine EX ★★ Eau Solgaleo
94%
087 Lunala EX ◆◆◆◆ Psy Lunala
94%
186 Lunala EX ★★ Psy Lunala
94%
204 Lunala EX ★★ Psy Lunala
94%
238 Lunala EX Psy Solgaleo/Lunala
94%
058 Raichu d'Alola EX ◆◆◆◆ Électrique Solgaleo
94%
185 Raichu d'Alola EX ★★ Électrique Solgaleo
94%
203 Raichu d'Alola EX ★★ Électrique Solgaleo
94%
122 Solgaleo EX ◆◆◆◆ Métal Solgaleo
94%
189 Solgaleo EX ★★ Métal Solgaleo
94%
207 Solgaleo EX ★★ Métal Solgaleo
94%
239 Solgaleo EX Métal Solgaleo/Lunala
94%
009 Brindibou Plante Solgaleo
89%
010 Brindibou Plante Lunala
89%
153 Chrys ◆◆ Supporter Solgaleo
89%
195 Chrys ★★ Supporter Solgaleo
89%
049 Crabominable EX ◆◆◆◆ Eau Solgaleo
89%
183 Crabominable EX ★★ Eau Solgaleo
89%
201 Crabominable EX ★★ Eau Solgaleo
89%
111 Grotadmorv d'Alola EX ◆◆◆◆ Obscurité Lunala
89%
188 Grotadmorv d'Alola EX ★★ Obscurité Lunala
89%
206 Grotadmorv d'Alola EX ★★ Obscurité Lunala
89%
214 Noadkoko 🟎 Plante Lunala
89%
002 Noadkoko d'Alola ◆◆◆ Plante Lunala
89%
156 Noadkoko d'Alola Plante Lunala
89%
001 Noeunoeuf Plante Lunala
89%
213 Noeunoeuf 🟎 Plante Lunala
89%
227 Ossatueur 🟎 Combat Lunala
89%
057 Pikachu Électrique Solgaleo
89%
056 Tokopisco ◆◆◆ Eau Lunala
89%
164 Tokopisco Eau Lunala
89%
068 Tokorico ◆◆◆ Électrique Solgaleo
89%
166 Tokorico Électrique Solgaleo
89%
024 Tokotoro ◆◆◆ Plante Solgaleo
89%
159 Tokotoro Plante Solgaleo
89%
037 Boumata ◆◆◆ Feu Lunala
83%
161 Boumata Feu Lunala
83%
210 Bulbizarre 🟎 Plante Solgaleo
83%
011 Efflèche ◆◆ Plante Lunala
83%
030 Flamiaou Feu Solgaleo
83%
031 Flamiaou Feu Lunala
83%
212 Florizarre 🟎 Plante Solgaleo
83%
151 Guzma ◆◆ Supporter Lunala
83%
193 Guzma ★★ Supporter Lunala
83%
208 Guzma ★★★ Supporter Lunala
83%
211 Herbizarre 🟎 Plante Solgaleo
83%
155 Lilie ◆◆ Supporter Solgaleo
83%
197 Lilie ★★ Supporter Solgaleo
83%
209 Lilie ★★★ Supporter Solgaleo
83%
065 Lucanon ◆◆◆ Électrique Lunala
83%
032 Matoufeu ◆◆ Feu Solgaleo
83%
089 Osselait Combat Lunala
83%
226 Osselait 🟎 Combat Lunala
83%
110 Tadmorv d'Alola Obscurité Lunala
83%
081 Bacabouh Psy Solgaleo
78%
169 Bacabouh Psy Solgaleo
78%
154 Barbara ◆◆ Supporter Solgaleo
78%
196 Barbara ★★ Supporter Solgaleo
78%
064 Chrysapile ◆◆ Électrique Lunala
78%
085 Cosmog Psy Solgaleo/Lunala
78%
171 Cosmog Psy Lunala
78%
097 Crabagarre Combat Solgaleo
78%
124 Draïeul ◆◆◆ Dragon Solgaleo
78%
176 Draïeul Dragon Solgaleo
78%
108 Miaouss d'Alola Obscurité Solgaleo
78%
048 Oratoria ◆◆◆ Eau Lunala
78%
027 Ossatueur d'Alola ◆◆ Feu Lunala
78%
160 Ossatueur d'Alola Feu Lunala
78%
045 Otaquin Eau Lunala
78%
046 Otaquin Eau Solgaleo
78%
047 Otarlette ◆◆ Eau Lunala
78%
109 Persian d'Alola ◆◆◆ Obscurité Solgaleo
78%
098 Rocabot Combat Lunala
78%
099 Rocabot Combat Solgaleo
78%
172 Rocabot Combat Solgaleo
78%
022 Sarmuraï ◆◆◆ Plante Solgaleo
78%
023 Sinistrail EX ◆◆◆◆ Plante Solgaleo
78%
181 Sinistrail EX ★★ Plante Solgaleo
78%
199 Sinistrail EX ★★ Plante Solgaleo
78%
020 Sucreine ◆◆◆ Plante Solgaleo
78%
158 Sucreine Plante Solgaleo
78%
067 Togedemaru Électrique Lunala
78%
084 Tokopiyon ◆◆◆ Psy Lunala
78%
170 Tokopiyon Psy Lunala
78%
125 Bébécaille Dragon Lunala
72%
216 Carabaffe 🟎 Eau Lunala
72%
215 Carapuce 🟎 Eau Lunala
72%
086 Cosmovum ◆◆ Psy Solgaleo/Lunala
72%
018 Croquine Plante Solgaleo
72%
055 Denticrisse Eau Solgaleo/Lunala
72%
126 Écaïd ◆◆ Dragon Lunala
72%
127 Ékaïser ◆◆◆ Dragon Lunala
72%
041 Feunard d'Alola ◆◆◆ Eau Lunala
72%
015 Floramantis ◆◆ Plante Solgaleo/Lunala
72%
040 Goupix d'Alola Eau Lunala
72%
162 Goupix d'Alola Eau Lunala
72%
229 Grodoudou 🟎 Incolore Solgaleo
72%
150 Kiawe ◆◆ Supporter Lunala
72%
192 Kiawe ★★ Supporter Lunala
72%
013 Larvibule Plante Lunala
72%
100 Lougaroc forme Diurne ◆◆◆ Combat Solgaleo
72%
101 Lougaroc forme Nocturne ◆◆◆ Combat Lunala
72%
014 Mimantis Plante Solgaleo/Lunala
72%
152 Néphie ◆◆ Supporter Solgaleo
72%
194 Néphie ★★ Supporter Solgaleo
72%
034 Plumeline styel Flamenco ◆◆ Feu Lunala
72%
077 Plumeline style Buyō ◆◆ Psy Lunala
72%
076 Plumeline style Hula ◆◆ Psy Solgaleo
72%
066 Plumeline style Pom-Pom ◆◆◆ Électrique Solgaleo
72%
165 Plumeline style Pom-Pom Électrique Solgaleo
72%
104 Quartermac EX ◆◆◆◆ Combat Lunala
72%
187 Quartermac EX ★★ Combat Lunala
72%
205 Quartermac EX ★★ Combat Lunala
72%
228 Rondoudou 🟎 Incolore Solgaleo
72%
021 Sovkipou Plante Solgaleo
72%
219 Staross 🟎 Eau Solgaleo
72%
217 Tortank 🟎 Eau Lunala
72%
082 Trépassable ◆◆◆ Psy Solgaleo
72%
149 Althéo ◆◆ Supporter Lunala
67%
191 Althéo ★★ Supporter Lunala
67%
052 Araqua Eau Solgaleo
67%
137 Argouste Incolore Solgaleo
67%
135 Bazoucan ◆◆ Incolore Solgaleo/Lunala
67%
078 Bombydou Psy Solgaleo
67%
167 Bombydou Psy Solgaleo
67%
103 Bourrinos ◆◆ Combat Solgaleo
67%
173 Bourrinos Combat Solgaleo
67%
019 Candine ◆◆ Plante Solgaleo
67%
054 Concombaffe Eau Lunala
67%
163 Concombaffe Eau Lunala
67%
141 Dodoala ◆◆ Incolore Solgaleo
67%
140 Gouroutan ◆◆◆ Incolore Lunala
67%
080 Guérilande ◆◆◆ Psy Solgaleo
67%
168 Guérilande Psy Solgaleo
67%
223 Machoc 🟎 Combat Solgaleo
67%
224 Machopeur 🟎 Combat Solgaleo
67%
225 Mackogneur 🟎 Combat Solgaleo
67%
036 Malamandre Feu Solgaleo/Lunala
67%
136 Manglouton Incolore Solgaleo
67%
083 Mimiqui Psy Lunala
67%
088 Necrozma ◆◆◆ Psy Lunala
67%
133 Picassaut Incolore Solgaleo/Lunala
67%
177 Picassaut Incolore Lunala
67%
107 Rattatac d'Alola ◆◆ Obscurité Lunala
67%
106 Rattata d'Alola Obscurité Lunala
67%
038 Sabelette d'Alola Eau Solgaleo/Lunala
67%
039 Sablaireau d'Alola ◆◆ Eau Solgaleo/Lunala
67%
218 Stari 🟎 Eau Solgaleo
67%
053 Tarenbulle ◆◆ Eau Solgaleo
67%
035 Tritox Feu Solgaleo/Lunala
67%
179 Dodoala Incolore Solgaleo
61%
222 Ectoplasma 🟎 Psy Lunala
61%
234 Ectoplasma EX 🟎🟎 Psy Lunala
61%
220 Fantominus 🟎 Psy Lunala
61%
230 Florizarre EX 🟎🟎 Plante Solgaleo
61%
237 Grodoudou EX 🟎🟎 Incolore Solgaleo
61%
235 Mackogneur EX 🟎🟎 Combat Solgaleo
61%
105 Météno ◆◆ Combat Lunala
61%
174 Météno Combat Lunala
61%
231 Noadkoko EX 🟎🟎 Plante Lunala
61%
236 Ossatueur EX 🟎🟎 Combat Lunala
61%
134 Piclairon Incolore Solgaleo/Lunala
61%
079 Rubombelle Psy Solgaleo
61%
221 Spectrum 🟎 Psy Lunala
61%
016 Spododo Plante Lunala
61%
157 Spododo Plante Lunala
61%
102 Tiboudet Combat Solgaleo
61%
232 Tortank EX 🟎🟎 Eau Lunala
61%
026 Arcanin ◆◆ Feu Solgaleo/Lunala
56%
025 Caninos Feu Solgaleo/Lunala
56%
139 Chelours ◆◆◆ Incolore Lunala
56%
178 Chelours Incolore Lunala
56%
060 Gravalanch d'Alola ◆◆ Électrique Solgaleo
56%
061 Grolem d'Alola ◆◆◆ Électrique Solgaleo
56%
017 Lampignon ◆◆ Plante Lunala
56%
059 Racaillou d'Alola Électrique Solgaleo
56%
233 Staross EX 🟎🟎 Eau Solgaleo
56%
144 Super-Bonbon ◆◆ Objet Solgaleo
56%
096 Bétochef ◆◆◆ Combat Lunala
50%
147 Cape Sylvestre ◆◆ Outil Pokémon Solgaleo
50%
143 Filet de Pêche ◆◆ Objet Lunala
50%
044 Lokhlass ◆◆ Eau Solgaleo/Lunala
50%
123 Magearna ◆◆◆ Métal Solgaleo
50%
175 Magearna Métal Solgaleo
50%
148 Margie ◆◆ Supporter Lunala
50%
190 Margie ★★ Supporter Lunala
50%
138 Nounourson Incolore Lunala
50%
146 Pic Venin ◆◆ Outil Pokémon Lunala
50%
116 Prédastérie Obscurité Lunala
50%
117 Taupiqueur d'Alola Métal Solgaleo/Lunala
50%
128 Tauros ◆◆ Incolore Solgaleo/Lunala
50%
118 Triopikeur d'Alola Métal Solgaleo/Lunala
50%
115 Vorastérie Obscurité Lunala
50%
028 Braisillon Feu Solgaleo
44%
075 Branette Psy Solgaleo/Lunala
44%
094 Charpenti Combat Lunala
44%
029 Flambusard ◆◆◆ Feu Solgaleo
44%
095 Ouvrifier ◆◆ Combat Lunala
44%
131 Passerouge Incolore Solgaleo
44%
074 Polichombr Psy Solgaleo/Lunala
44%
112 Absol ◆◆◆ Obscurité Lunala
39%
006 Carabing Plante Solgaleo/Lunala
39%
091 Hariyama ◆◆ Combat Solgaleo/Lunala
39%
090 Makuhita Combat Solgaleo/Lunala
39%
069 M.Mime ◆◆ Psy Solgaleo
39%
145 Motisma-Dex ◆◆ Objet Solgaleo
39%
093 Rototaupe Combat Solgaleo/Lunala
39%
007 Brocélôme Plante Solgaleo
33%
132 Brutalibré ◆◆ Incolore Solgaleo
33%
043 Crustabri ◆◆ Eau Solgaleo
33%
008 Desséliande ◆◆ Plante Solgaleo
33%
072 Groret ◆◆ Psy Solgaleo/Lunala
33%
042 Kokiyas Eau Solgaleo
33%
120 Lançargot ◆◆ Métal Solgaleo/Lunala
33%
005 Maracachi Plante Lunala
33%
113 Miamiasme Obscurité Solgaleo/Lunala
33%
114 Miasmax ◆◆ Obscurité Solgaleo/Lunala
33%
119 Minotaupe ◆◆ Métal Solgaleo/Lunala
33%
073 Séléroc Psy Lunala
33%
092 Solaroc Combat Solgaleo
33%
071 Spoink Psy Solgaleo/Lunala
33%
070 Ténéfix ◆◆ Psy Solgaleo/Lunala
33%
003 Arakdo Plante Solgaleo/Lunala
28%
130 Delcatty ◆◆ Incolore Solgaleo/Lunala
28%
062 Galvaran Électrique Solgaleo/Lunala
28%
063 Iguolta Électrique Solgaleo/Lunala
28%
142 Malasada Maxi ◆◆ Objet Solgaleo/Lunala
28%
004 Maskadra ◆◆ Plante Solgaleo/Lunala
28%
129 Skitty Incolore Solgaleo/Lunala
28%
121 Trousselin ◆◆◆ Métal Solgaleo
28%
Aucun quiz correspondant
Distribution des résultats
% des personnes avec chaque résultat
Percentile par nombre de réponses
Votre historique - résultats
Vous n’avez pas pris ce quiz